Principles of applied reservoir simulation / (Record no. 5724)

MARC details
000 -LEADER
fixed length control field 01143cam a22003015a 4500
008 - FIXED-LENGTH DATA ELEMENTS--GENERAL INFORMATION
fixed length control field 150816t2006 ne ad||f |||| 001 0 eng d
010 ## - LIBRARY OF CONGRESS CONTROL NUMBER
LC control number 2006271896
020 ## - INTERNATIONAL STANDARD BOOK NUMBER
International Standard Book Number 9780750679336 (acid-free paper)
020 ## - INTERNATIONAL STANDARD BOOK NUMBER
International Standard Book Number 0750679336 (acid-free paper)
040 ## - CATALOGING SOURCE
Original cataloging agency EG-ScBUE
Language of cataloging eng
Transcribing agency EG-ScBUE
082 04 - DEWEY DECIMAL CLASSIFICATION NUMBER
Classification number 622.33820113
Item number FAN
Edition number 22
100 1# - MAIN ENTRY--PERSONAL NAME
Personal name Fanchi, John R.
245 10 - TITLE STATEMENT
Title Principles of applied reservoir simulation /
Statement of responsibility, etc John Fanchi.
250 ## - EDITION STATEMENT
Edition statement 3rd ed.
260 ## - PUBLICATION, DISTRIBUTION, ETC. (IMPRINT)
Place of publication, distribution, etc Amsterdam ;
Name of publisher, distributor, etc Gulf Professional Pub.,
Date of publication, distribution, etc c2006.
300 ## - PHYSICAL DESCRIPTION
Extent xix, 511 p. :
Other physical details ill,col. ;
Dimensions 24 cm.
500 ## - GENERAL NOTE
General note index 500-511.
504 ## - BIBLIOGRAPHY, ETC. NOTE
Bibliography, etc Includes bibliographical references.
590 ## - LOCAL NOTE (RLIN)
Local note mustafa galal
650 #0 - SUBJECT ADDED ENTRY--TOPICAL TERM
Topical term or geographic name as entry element Oil fields
General subdivision Computer simulation.
Source of heading or term BUEsh
650 #0 - SUBJECT ADDED ENTRY--TOPICAL TERM
Topical term or geographic name as entry element Petroleum
General subdivision Geology
-- Mathematical models.
Source of heading or term BUEsh
9 (RLIN) 24666
651 ## - SUBJECT ADDED ENTRY--GEOGRAPHIC NAME
Source of heading or term BUEsh
653 ## - INDEX TERM--UNCONTROLLED
Resource For college Engineering, General
Arrived date list August2015
655 ## - INDEX TERM--GENRE/FORM
Form subdivision
-- 33728
856 42 - ELECTRONIC LOCATION AND ACCESS
Materials specified Publisher description
Uniform Resource Identifier <a href="http://www.loc.gov/catdir/enhancements/fy0629/2006271896-d.html">http://www.loc.gov/catdir/enhancements/fy0629/2006271896-d.html</a>
856 42 - ELECTRONIC LOCATION AND ACCESS
Materials specified Table of contents only
Uniform Resource Identifier <a href="http://www.loc.gov/catdir/enhancements/fy0629/2006271896-t.html">http://www.loc.gov/catdir/enhancements/fy0629/2006271896-t.html</a>
942 ## - ADDED ENTRY ELEMENTS (KOHA)
Item type Book - Borrowing
Call number prefix 622.33820113FAN
Source of classification or shelving scheme Dewey Decimal Classification
Holdings
Withdrawn status Item status Source of classification or shelving scheme Damaged status Not for loan Home library Current library Shelving location Date acquired Source of acquisition Total Checkouts Total Renewals Full call number Barcode Date last seen Date last borrowed Koha item type Vendor
    Dewey Decimal Classification     Central Library Central Library First floor 04/11/2007 Purchase 13 82 622.33820113 FAN 000007496 15/07/2025 26/02/2020 Book - Borrowing  
    Dewey Decimal Classification     Central Library Central Library First floor 23/03/2009   8 24 622.33820113 FAN 000015637 15/07/2025 22/03/2015 Book - Borrowing Baccah
    Dewey Decimal Classification     Central Library Central Library First floor 23/03/2009   1   622.33820113 FAN 000015636 15/07/2025 13/11/2013 NB - Book (Non borrowing) Baccah